Statistics for 20 Largest cities in California

Click here to take the quiz!

General Stats

  • This quiz has been taken 18 times
    (10 since last reset)
  • The average score is 17 of 20

Answer Stats

Rank Answer % Correct
1Los Angeles
100%
3San Jose
100%
4San Francisco
100%
5Fresno
100%
6Sacramento
100%
8Oakland
100%
10Anaheim
100%
2San Diego
100%
16Irvine
89%
7Long Beach
89%
18Modesto
89%
12Riverside
89%
13Stockton
89%
11Santa Ana
78%
14Chula Vista
78%
9Bakersfield
78%
15Fremont
67%
19Oxnard
56%
17San Bernadino
33%
20Fontana
22%

Score Distribution

Percentile by Number Answered

Percent of People with Each Score

Your Score History

You have not taken this quiz since the last reset